000 00759nam a2200121Ia 4500
008 220620s9999||||xx |||||||||||||| ||und||
100 _aBreen, Paul
245 0 _aDeveloping Educators for The Digital Age
_bA Framework for Capturing Knowledge in Action
546 _aEnglish[eng]
650 _acommunities of practice||digital technologies||tpack||knowledge capture||teacher development||english for academic purposes||Focus group||Higher education||Interactive whiteboard||IPad||Moodle||Pedagogy||Virtual learning environment
856 _uhttps://library.oapen.org/bitstream/20.500.12657/30606/1/645081.pdf||https://library.oapen.org/bitstream/20.500.12657/30606/1/645081.pdf||https://library.oapen.org/bitstream/20.500.12657/30606/1/645081.pdf
942 _cEB
999 _c25774
_d25774